Mi primer diccionario Andrés Bello

Saved in:
Bibliographic Details
Main Authors: Morales Pettorino, Félix (autor), Quiroz Mejias, Oscar (Author)
Format: Book
Language:Spanish
Published: Santiago Andrés Bello 1992
Subjects:
Tags: Add Tag
No Tags, Be the first to tag this record!

MARC

LEADER 00000nam a2200000 a 4500
001 UCY0397
003 CL-VaPUC
008 940729e19920000CL |||||||||||||||||spa|d
082 0 4 |a 463  |b MOR  |2 21 
100 |a Morales Pettorino, Félix  |e autor  |9 767570 
700 0 |a Quiroz Mejias, Oscar  |e author  |9 328084 
245 1 0 |a Mi primer diccionario Andrés Bello 
300 |a 391 p 
942 |c BK 
945 |d 19940729 00:00:00  |a rbrito 
260 |a Santiago  |b Andrés Bello  |c 1992 
650 7 |a ENCICLOPEDIAS Y DICCIONARIOS INFANTILES ESPAÑOLES  |2 CL-VaPUC  |9 328085 
583 |a last modification  |c 20120906 03:46:37  |k Rodrigo Vera 
999 |c 229399  |d 229397 
952 |0 0  |1 0  |4 0  |6 463_000000000000000_MOR_1992  |7 0  |8 F  |9 230491  |a BIBEDU  |b BIBEDU  |d 2019-11-15  |i 2996308  |o 463 MOR 1992  |p 2996308  |r 2023-01-13  |w 2019-11-15  |y BK_F  |k EPE